Uso de los costos con fines decisorios en industrias de producción conjunta (Registro nro. 26688)
[ vista simple ]
| 000 -LEADER | |
|---|---|
| fixed length control field | 00362 a2200109 4500 |
| 001 - CONTROL NUMBER | |
| control field | ART_19036 |
| 005 - DATE AND TIME OF LATEST TRANSACTION | |
| control field | 20260410161910.0 |
| 008 - FIXED-LENGTH DATA ELEMENTS--GENERAL INFORMATION | |
| fixed length control field | 260409a |
| 100 1# - MAIN ENTRY--PERSONAL NAME | |
| Personal name | Cascarini, Daniel C. |
| 245 10 - TITLE STATEMENT | |
| Title | Uso de los costos con fines decisorios en industrias de producción conjunta |
| 773 0# - HOST ITEM ENTRY | |
| Title | Costos y gestión |
| Related parts | - Año I, Nº 1 (sep. 1991) |
| Record control number | REV12786 |
No hay ítems disponibles.